Organización y renovación escolar : tutorias, seminarios, dirección, jefatura de estudios, apa...evaluación.

Zapisane w:
Opis bibliograficzny
1. autor: Alvarez, Manuel (autor)
Format: Książka
Język:hiszpański
Seria:(Papel de prueba ; no. 16)
Hasła przedmiotowe:
Etykiety: Dodaj etykietę
Nie ma etykietki, Dołącz pierwszą etykiete!

MARC

LEADER 00000cam^a2200000uu^4500
001 000460998
005 20250521000000.0
008 050901s1988^^^^^^^^^^^^rd^r^^000^0^spa^d
009 20260310124211.824
022 |a 8485016750 
035 |a FCE 000003492 
035 |a FCE 013395 
037 |a Acervo ITESO - Biblioteca 
041 |a spa 
082 0 4 |a 371.2  |b ALVo 
100 |a Alvarez, Manuel  |e (autor) 
245 1 0 |a Organización y renovación escolar :  |b tutorias, seminarios, dirección, jefatura de estudios, apa...evaluación. 
264 |a Madrid :  |b Popular,  |c 1988. 
300 |a 188 p. 
336 |a texto  |b txt  |2 rdacontenido 
337 |a sin mediación  |b n  |2 rdamedio 
338 |a volumen  |b nc  |2 rdasoporte 
440 0 |a (Papel de prueba ;  |v no. 16) 
649 |a XX 
650 |a Teoría 
650 |a Innovación educativa 
650 |a Organización escolar 
650 |a Evaluación institucional 
650 |a Directores 
650 |a Tutoría 
650 |a Evaluación del docente 
650 |a Participación de los padres 
650 |a España 
910 |a Fondo Centro de Estudios Educativos 
920 |a Impresos - Libros 
930 |a Fondos Especiales 
905 |a 133 
901 |a ALE013395  |b IT2  |c CEE  |u 20250521 
902 |a https://opac.biblio.iteso.mx/vufind/Record/000460998